669 pt 2 #1 (Freeze Corleone) - Statistiques

Statistiques générales
  • Ce quiz a été pris 15 fois
  • Le résultat moyen est 53 sur 86
Statistiques - réponses
Hint Réponse % Correct
*****
100%
Intro S/o
100%
S/o
100%
6.6.9
92%
Couplet 1 (Freeze Corleone) 20-21
75%
faut
75%
Fume
75%
fumé
75%
le
75%
le
75%
le
75%
neuf
75%
on
75%
2K6.6.9
67%
comme
67%
comme
67%
comme
67%
comme
67%
comme
67%
dans
67%
Dans
67%
Flem
67%
67%
67%
Loudpack
67%
Nine
67%
qu'j'investisse
67%
Rondo
67%
Cali
58%
cash
58%
contre
58%
des
58%
des
58%
des
58%
des
58%
des
58%
des
58%
des
58%
d'm'exfiltrer
58%
en
58%
est
58%
et
58%
et
58%
Et
58%
filtrés
58%
Furtif
58%
j'ai
58%
j'ai
58%
J'arrive
58%
j'étais
58%
j'les
58%
jusqu'en
58%
j'vois
58%
j'vois
58%
lance-missiles
58%
les
58%
les
58%
mille
58%
nucléaires
58%
Numba
58%
Ogives
58%
pour
58%
p'tits
58%
raciste
58%
rappeurs
58%
si
58%
têtards
58%
train
58%
un
58%
vois
58%
vos
58%
blédards
50%
Concu'
50%
d'pages
50%
interdites
50%
l'jeu
50%
pétards
50%
prés
50%
reptiles
50%
Rimes
50%
v'là
50%
Apash
42%
négro
42%
rapaces
42%
Bill
25%
Congo
25%
Aucun quiz correspondant
Distribution des résultats
% des personnes avec chaque résultat
Percentile par nombre de réponses
Votre historique - résultats
Vous n’avez pas pris ce quiz